Volupté
Gardado en:
| Autor Principal: | |
|---|---|
| Formato: | Libro |
| Idioma: | Undetermined |
| Publicado: |
París, Francia
Larousse
1951
|
| Materias: | |
| Etiquetas: |
Engadir etiqueta
Sen Etiquetas, Sexa o primeiro en etiquetar este rexistro!
|
MARC
| LEADER | 00000nam a2200000Ia 4500 | ||
|---|---|---|---|
| 008 | 170316s9999 xx 000 0 und d | ||
| 040 | |a cru BVZT | ||
| 090 | |a 840 S-7v | ||
| 100 | |a Sainte-Beuve |9 1149 | ||
| 245 | |a Volupté | ||
| 260 | |a París, Francia | ||
| 260 | |b Larousse | ||
| 260 | |c 1951 | ||
| 300 | |a 82 páginas | ||
| 650 | |a LITERATURA FRANCESA |9 109 | ||
| 999 | |c 8017 |d 8017 | ||
| 942 | |c 15 D |h 840 S-7v |2 z | ||
